000 00601nam a22002177a 4500
003 UA-OsUOA
001 135188
007 ta
008 20190115b un ||||| |||| 00| 0 ukr d
100 _aЗвєряков М. І.
090 _a330(477)
_bЗ-43
942 _cSA
040 _aUA-OsUOA
_bukr
_cUA-OsUOA
_dUA-OsUOA
245 _aТеоретична парадигма сталого розвитку та українські реалії
300 _aС.10-32
955 _a0
041 _aukr
080 _a330(477)
773 0 _w135185
650 7 _a330 Економіка взагалі
_2UDC
999 _c408379
_d408379